Susedská politika EÚ diplomová práca

Saved in:
Bibliographic Details
Main Author: Jungová, Monika
Corporate Author: Fakulta medzinárodných vzťahov EU. Katedra medzinárodných ekonomických vzťahov a hospodárskej diplomacie
Other Authors: Lipková, Beata
Format: Book
Language:Slovak
Published: Bratislava 2012
Tags: Add Tag
No Tags, Be the first to tag this record!

MARC

LEADER 00000nbm a2200000 4500
001 0152321
005 20161109102028.1
041 0 |a slo 
044 |a SK 
245 1 0 |a Susedská politika EÚ  |b diplomová práca  |c Monika Jungová ; školiteľ: Beata Lipková 
264 1 |a Bratislava  |c 2012 
300 |a 71 s. 
100 1 |a Jungová, Monika 
700 1 |a Lipková, Beata 
710 2 |a Fakulta medzinárodných vzťahov EU. Katedra medzinárodných ekonomických vzťahov a hospodárskej diplomacie